Ideas and opinions

Gorde:
Xehetasun bibliografikoak
Egile nagusia: Einstein, Albert (autor)
Formatua: Liburua
Hizkuntza:ingelesa
Argitaratua: Nueva York Random House 1954
Gaiak:
Etiketak: Etiketa erantsi
Etiketarik gabe, Izan zaitez lehena erregistro honi etiketa jartzen!

MARC

LEADER 00000nam a2200000 a 4500
001 UCI1208
003 CL-VaPUC
008 070622e19540000US |||||||||||||||||eng|d
020 |a 0517003937 
082 0 4 |a 081  |b EIN  |2 21 
100 |a Einstein, Albert   |e autor  |9 266229 
245 1 0 |a Ideas and opinions 
300 |a 377 p 
942 |c BK 
945 |d 20070622 00:00:00  |a jtorresc 
260 |a Nueva York  |b Random House  |c 1954 
650 0 |a Física   |9 227844 
650 0 |a Ciencia  |9 255691 
650 0 |a Aspectos sociales  |9 254894 
650 0 |a Paz  |9 259242 
583 |a last modification  |c 20111004 10:20:23  |k Rodrigo Vera 
999 |c 326049  |d 326047 
952 |0 0  |1 0  |4 0  |6 081_000000000000000_EIN_1954  |7 0  |8 A  |9 407672  |a BIBALI  |b BIBALI  |c GEN  |d 2019-11-22  |i 4348206  |o 081 EIN 1954  |p 4348206  |r 2025-01-20  |w 2019-11-22  |y BK  |k ALI